ბათუმის შოთა რუსთაველის სახელმწიფო უნივერსიტეტის ბიბლიოთეკა

Справочник мелиоратора (ბიბ.ჩანაწერი № 45845)

000 -LEADER
fixed length control field 00675nam a2200229Ia 4500
001 - CONTROL NUMBER
control field 12674
003 - CONTROL NUMBER IDENTIFIER
control field GE_BSU
008 - FIXED-LENGTH DATA ELEMENTS--GENERAL INFORMATION
fixed length control field 181216s||||||||xx |||||||||||||| ||und||
040 ## - CATALOGING SOURCE
Transcribing agency GE_BSU
080 ## - UNIVERSAL DECIMAL CLASSIFICATION NUMBER
Universal Decimal Classification number 631.6(035)
100 ## - MAIN ENTRY--PERSONAL NAME
Personal name Анисимов,В.А. Губер,К.В. Зюликов,Г.М.
245 ## - TITLE STATEMENT
Title Справочник мелиоратора
245 ## - TITLE STATEMENT
Statement of responsibility, etc. Сост.Б.С.Маслов
250 ## - EDITION STATEMENT
Edition statement 2-ое дополн.и перераб.
260 ## - PUBLICATION, DISTRIBUTION, ETC.
Place of publication, distribution, etc. Москва
260 ## - PUBLICATION, DISTRIBUTION, ETC.
Name of publisher, distributor, etc. Россельхозиздат
260 ## - PUBLICATION, DISTRIBUTION, ETC.
Date of publication, distribution, etc. 1980
300 ## - PHYSICAL DESCRIPTION
Extent 256стр.илл.
300 ## - PHYSICAL DESCRIPTION
Accompanying material Таблицы
653 ## - INDEX TERM--UNCONTROLLED
Uncontrolled term Справочник мелиоратора
942 ## - ADDED ENTRY ELEMENTS (KOHA)
Koha item type წიგნი
ეგზემპლარები
Withdrawn status Lost status Damaged status Not for loan Date acquired Barcode Date last seen Price effective from Koha item type
        2018-12-17 20955 2018-12-17 2018-12-17 წიგნი
        2018-12-17 20954 2018-12-17 2018-12-17 წიგნი
        2018-12-17 20953 2018-12-17 2018-12-17 წიგნი
        2018-12-17 20952 2018-12-17 2018-12-17 წიგნი